Dramas and dramatis personae / (Record no. 36925)
[ view plain ]
| 000 -LEADER | |
|---|---|
| campo de control de longitud fija | 00512nam a2200169 i 4500 |
| 001 - NÚMERO DE CONTROL | |
| campo de control | 36925 |
| 003 - IDENTIFICADOR DE NÚMERO DE CONTROL | |
| campo de control | ES-MaACL |
| 005 - FECHA Y HORA DE LA ÚLTIMA TRANSACCIÓN | |
| campo de control | 20251015063050.0 |
| 007 - CAMPO FIJO DE DESCRIPCIÓN FÍSICA--INFORMACIÓN GENERAL | |
| campo de control de longitud fija | t| |
| 008 - DATOS DE LONGITUD FIJA--INFORMACIÓN GENERAL | |
| campo de control de longitud fija | 030219q1908 xxk ||||1| eng d |
| 100 1# - ENTRADA PRINCIPAL--NOMBRE DE PERSONA | |
| Nombre de persona | Browning, Robert, |
| Fechas asociadas al nombre | 1812-1889 |
| 9 (RLIN) | 32036 |
| 245 10 - MENCIÓN DEL TÍTULO | |
| Título | Dramas and dramatis personae / |
| Mención de responsabilidad, etc. | by Robert Browning. |
| 260 ## - PUBLICACIÓN, DISTRIBUCIÓN, ETC. | |
| Lugar de publicación, distribución, etc. | London : |
| Nombre del editor, distribuidor, etc. | George Routledge & Sons, |
| Fecha de publicación, distribución, etc. | [1908?] ( |
| Fabricante | Imp. Billing and sons) |
| 300 ## - DESCRIPCIÓN FÍSICA | |
| Extensión | VI, 600 p. ; |
| Dimensiones | 16 cm. |
| 852 ## - LOCALIZACIÓN | |
| Ubicación | ES-MaACL |
| Número de control de estantería | G-14907 |
| Estatus retirado | Estado de pérdida | Estado de daño | No para préstamo | Biblioteca de origen | Biblioteca actual | Ubicación en estantería | Fecha de adquisición | Fuente de adquisición | Total de préstamos | Signatura topográfica completa | Código de barras | Visto por última vez | Precio de reemplazo | Tipo de ítem Koha |
|---|---|---|---|---|---|---|---|---|---|---|---|---|---|---|
| Biblioteca del Ateneo de Madrid | Biblioteca del Ateneo de Madrid | Sala Pecera Planta 3 | 17/01/2008 | G-14907 | 1038835 | 23/02/2023 | 23/02/2023 | Libro impreso |
